MARKETING AN INTRODUCTION (Record no. 14295)

MARC details
000 -LEADER
fixed length control field 00290nam a22001457a 4500
003 - CONTROL NUMBER IDENTIFIER
control field SGT
020 ## - INTERNATIONAL STANDARD BOOK NUMBER
International Standard Book Number 658.8
082 ## - DEWEY DECIMAL CLASSIFICATION NUMBER
Classification number KOT
100 ## - MAIN ENTRY--PERSONAL NAME
Personal name KOTLER, PHILIP
245 ## - TITLE STATEMENT
Title MARKETING AN INTRODUCTION
250 ## - EDITION STATEMENT
Edition statement 13TH
260 ## - PUBLICATION, DISTRIBUTION, ETC. (IMPRINT)
Place of publication, distribution, etc PEARSON INDIA
Year of Publication 2017
300 ## - PAGE DESCRIPTION
No. of Pages 669
942 ## - ADDED ENTRY ELEMENTS (KOHA)
Source of classification or shelving scheme Dewey Decimal Classification
Koha item type Books
942 ## - ADDED ENTRY ELEMENTS (KOHA)
-- 4
Holdings
Withdrawn status Lost status Source of classification or shelving scheme Damaged status Not for loan Collection code Home library Current library Shelving location Date acquired Vendor Name Cost, normal purchase price SGTU Bill Number Total Checkouts Full call number Accession No. (Barcode) Date last seen Date last borrowed Bill Date Koha item type
    Dewey Decimal Classification     COMMERCE MANAGEMENT SGT Science & Social Sciences Library SGT Science & Social Sciences Library Text Book 27/12/2017 AHUJA BOOKS 699.00 SGTU 9088 6 KOT CM4020 02/03/2022 03/12/2021   Books
    Dewey Decimal Classification     COMMERCE MANAGEMENT SGT Science & Social Sciences Library SGT Science & Social Sciences Library Text Book 27/12/2017 AHUJA BOOKS 699.00 SGTU 9088 10 KOT CM4021 13/08/2025 01/08/2025   Books
    Dewey Decimal Classification     COMMERCE MANAGEMENT SGT Science & Social Sciences Library SGT Science & Social Sciences Library Text Book 27/12/2017 AHUJA BOOKS 699.00 SGTU 9088 6 KOT CM4022 10/06/2023 26/05/2023   Books